000 00259nam a2200097Ia 4500
005 20250424112838.0
008 250424s9999 xx 000 0 und d
300 _a: ill. ; 28 cm.
650 _aMechatronics--Periodicals. Mechatronics--Periodicals.
942 _cSR
999 _c37471
_d37471